| 000 | 00967nam a22002537a 4500 | ||
|---|---|---|---|
| 003 | DO-SdBNP | ||
| 005 | 20230519100744.0 | ||
| 007 | ta | ||
| 008 | 230328b1868 sp ||||| |||| 00| 0 spa d | ||
| 040 |
_aDO-SdBNP _bspa _cBNPHU |
||
| 082 | 4 |
_222 _a863.3 _bC491d, 1868 |
|
| 100 | 1 |
_aDroap, M. , _eautor _983421 |
|
| 245 | 0 | 0 |
_aSiete cartas sobre Cervantes y el Quixote : _b dirijidas al Dr. Thebussem, barón de Tirmenth, en los años de 1862á 1868 / _c M. Droap |
| 260 |
_aMadrid : _bCadiz, _c1868. |
||
| 300 |
_a67 p. ; _c25 cm. |
||
| 500 | _aIncluye referencias bibliográficas y notas al pie de las páginas | ||
| 590 | _aInventariado, 2023/BT | ||
| 600 | 1 | 4 |
_aCervantes Saavedra, Miguel de , _d1547-1616 _xCritica e interpretación _913728 |
| 650 | 4 |
_aLiteratura española _9632 |
|
| 650 | 4 |
_aNovela española _91123 |
|
| 700 | 1 |
_aPardo Figueroa, Mariano de, _enotas y apéndices _983214 |
|
| 910 | _aBtavárez/Validado. Control de calidad MFF | ||
| 942 |
_2ddc _cLBS1 |
||
| 999 |
_c53178 _d53178 |
||